LEADER 01177nam a2200289 i 4500 001 000000153646 003 CaOOAMICUS 005 20060929000000.0 008 060929s1983 it u000 u ita u 013 $a130989 040 $aSeMil$bita 100 1 $aDe Quincey, Thomas.$0(OLS)http://semarc/name/59624 240 14$aThe last days of Immanuel Kant.$0(OLS)http://semarc/title/224822 245 14$aGli ultimi giorni di Immanuel Kant /$cThomas De Quincey ; a cura di Fleur Jaeggy. 260 $aMilano :$bAdelphi,$c1983. 300 $a114 p. ;$c18 cm. 490 0 $aPiccola Biblioteca Adelphi ;$v146 500 $aFondo Ciprandi. 600 14$aKant, Immanuel <1724-1804>.$0(OLS)http://semarc/subject/7657 700 1 $aJaeggy, Fleur.$0(OLS)http://semarc/name/16980 830 0$aPiccola biblioteca Adelphi ;$v146.$0(OLS)http://semarc/title/7074 850 $aSeMil 852 $aSeMil$W1$xVenegono$y1$m2P I 689$j105563$B105563$CSeMilBibl$Z2$F115176 $81 941 1 $a1 961 $aOmaggio: Ciprandi dott. Paolo 996 $6245$aGli ultimi giorni di Immanuel Kant$9(OLS)http://semarc/title/224821 996 $6260$aMilano :$bAdelphi$9(OLS)http://semarc/publisher/30018 LEADER 01401nam a2200253 4500 001 000000360685 003 CaOOAMICUS 005 20241113141205.0 008 241113s1875 it a 000 u ita r 040 $aSeMil$bita 110 11$aDiocesi di Rimini.$0(OLS)http://semarc/name/120900 245 10$aIndulto per la quaresima dell'anno 1875. Luigi Paggi ... vescovo di Rimini a' suoi dilettissimi diocesani salute nel Signor nostro Gesų Cristo. 264 1$aRimini :$bStabil. Malvolti,$c1875. 300 $a1 manifesto :$bstemma ;$c65 cm 500 $aL'anno in cui, o figliuoli carissimi, or sono pochi giorni, siamo entrati, č anno santo, anno di Giubileo. ... 500 $aData di emanazione in calce: Rimini, 23 gennaio1875 500 $aFirmatario in calce: d. Gaetano Borghesi cancelliere vescovile 505 0 $aIndulto per la quaresima dell'anno 1875, anno del Giubileo Massimo 700 1 $aPaggi, Luigi,$c.$0(OLS)http://semarc/name/71855 850 $aSeMil 852 $aSeMil$W1$xVenegono$y1$m3Z VI 19/12 FA$j252285$B251688$CSeMilBibl$Z2$F251688 $8I 996 $6245$aIndulto per la quaresima dell'anno 1875. Luigi Paggi ... vescovo di Rimini a' suoi dilettissimi diocesani salute nel Signor nostro Gesų Cristo$9(OLS)http://semarc/title/451213 996 $6264$aRimini :$bStabil. Malvolti$9(OLS)http://semarc/publisher/51623